000 00290nam a2200121Ia 4500
005 20251222143303.0
008 251222s9999||||xx |||||||||||||| ||spa||
082 _a616.85/O44
100 _aOliver Paredes, Ernesto
245 0 _aLa Enfermedad Mental:
264 _bLibro Amigo
942 _cLIB
999 _c15418
_d15418